Entourage de Ludovic Cruchot dans la saga Les Gendarmes - Statistiques

Statistiques générales
  • Ce quiz a été pris 9 fois
  • Le résultat moyen est 4 sur 9
Statistiques - réponses
Lien Personnage % Correct
Collègue et supérieur hiérarchique de Cruchot Jérôme Gerber
88%
Collègue et subordonné de Cruchot Lucien Fougasse
88%
Femme de Cruchot Josepha Cruchot
50%
Fille de Cruchot Nicole Cruchot
38%
Collègue et subordonné de Cruchot Albert Merlot
25%
Collègue et subordonné de Cruchot Gaston Tricart
25%
Collègue et subordonné de Cruchot Jules Berlicot
25%
Collègue et subordonné de Cruchot Beaupied
13%
Religieuse amie de Cruchot Soeur Clotilde
13%
Aucun quiz correspondant
Distribution des résultats
% des personnes avec chaque résultat
Percentile par nombre de réponses
Votre historique - résultats
Vous n’avez pas pris ce quiz